000 00424nam a2200181Ia 4500
001 13719
005 20260306164821.0
008 260306t1995||||xx |||||||||||||| ||spa||
041 _aESP
082 _a005.133C2
_bD46
100 _aDeitel, H. M.
_eAUT
245 0 _aComo programar en C/C++
260 _c1995
300 _axxix, 927 páginas :
_c24 cm.
650 _aGEN
654 _aCCC
942 _cLIB
_dJUS
_fJUS
_2ddc
_n
999 _c13719
_d13719